Carregando...
Lengthening Shadows /
| Autor principal: | |
|---|---|
| Idioma: | Undetermined |
| Publicado em: |
1971.
|
| LEADER | 00362nam a2200121Ia 4500 | ||
|---|---|---|---|
| 001 | 34990 | ||
| 008 | 170722s9999 xx 000 0 und d | ||
| 100 | |a Press, John | ||
| 245 | |a Lengthening Shadows / | ||
| 260 | |c 1971. | ||
| 942 | |c GEN | ||
| 999 | |c 84185 |d 84185 | ||
| 952 | |0 0 |1 0 |4 0 |6 O_1GY_L1 |7 0 |8 LC1 |9 118001 |a LIB |b LIB |d 2017-08-12 |h LC1 |o O-,1:g(Y) L1 |p 145578 |r 2017-08-12 |w 2017-08-12 |y GEN | ||